000 00538nam a22001937a 4500
003 KOHA_MİRAKIL
005 20250409155644.0
008 250409b tu ||||| |||| 00| 0 tur d
020 _a9786254430244
040 _aTR-AnABB
_btur
_cTR-AnABB
041 _atur
082 _a813.42
_bOZE 2021
100 1 _aÖzenç, Orhan Efe,
245 1 0 _aİzzet ve Nefs /
_cOrhan Efe Özenç
260 _aİstanbul :
_bKronoloji Yayınları,
_c2021
300 _a500 sayfa ;
_c19 cm
650 0 4 _aTürk edebiyatı, roman
942 _2ddc
_cBK
999 _c8617
_d8617
900 _bGizem YORULMAZ